The housemaid is watching / (Record no. 31115)

MARC details
000 -LEADER
fixed length control field 01977cam a2200361 i 4500
001 - CONTROL NUMBER
control field ocn1418754625
003 - CONTROL NUMBER IDENTIFIER
control field EG-ScBUE
005 - DATE AND TIME OF LATEST TRANSACTION
control field 20260211101058.0
008 - FIXED-LENGTH DATA ELEMENTS--GENERAL INFORMATION
fixed length control field 240117t2024 ilu f 000 f eng d
020 ## - INTERNATIONAL STANDARD BOOK NUMBER
International Standard Book Number 9781464221132
020 ## - INTERNATIONAL STANDARD BOOK NUMBER
International Standard Book Number 1464221138
035 ## - SYSTEM CONTROL NUMBER
System control number (OCoLC)1418754625
040 ## - CATALOGING SOURCE
Original cataloging agency DLC
Language of cataloging eng
Description conventions rda
Transcribing agency DLC
Modifying agency OCLCO
-- YDX
-- BDX
-- ETC
-- OCLCO
-- LJW
-- Y$5
-- LJW
-- LE@
-- OCLCO
-- KKJ
-- JAS
-- RNL
-- MWD
-- JQM
-- Z#6
-- OCLCL
-- YU6
-- OCLCO
-- VP@
-- NMS
-- OCLCQ
-- ZGR
-- DEERP
-- UBY
-- IG#
-- FAYTV
-- OCLCO
-- MT9
-- EG-ScBUE
082 04 - DEWEY DECIMAL CLASSIFICATION NUMBER
Classification number 813.6
Edition number 22
Item number MCF
100 1# - MAIN ENTRY--PERSONAL NAME
Personal name McFadden, Freida,
Relator term author.
245 14 - TITLE STATEMENT
Title The housemaid is watching /
Statement of responsibility, etc Freida McFadden.
264 #1 - PUBLICATION, DISTRIBUTION, ETC. (IMPRINT)
Place of publication, distribution, etc Naperville, Illinois :
Name of publisher, distributor, etc Poisoned Pen Press,
Date of publication, distribution, etc [2024]
264 #4 - PUBLICATION, DISTRIBUTION, ETC. (IMPRINT)
Date of publication, distribution, etc ©2024
300 ## - PHYSICAL DESCRIPTION
Extent ix, 386 pages ;
Dimensions 21 cm.
336 ## - CONTENT TYPE
Content type term text
Content type code txt
Source rdacontent
337 ## - MEDIA TYPE
Media type term unmediated
Media type code n
Source rdamedia
338 ## - CARRIER TYPE
Carrier type term volume
Carrier type code nc
Source rdacarrier
490 0# - SERIES STATEMENT
Series statement The housemaid ;
Volume number/sequential designation [3]
520 ## - SUMMARY, ETC.
Summary, etc "I used to clean other people's houses--now, I have one of my own. The charming kitchen, the quiet cul-de-sac, the huge yard where my kids can play. My husband and I worked so hard for this life. When our new neighbor invites us to dinner, a maid opens the door. Looking at her white apron and neat hair is like looking in a mirror; I know exactly what it's like to be in her shoes. But her cold stare gives me chills...That's not the only strange thing here. I'm sure I see a shadowy figure watching us. My husband leaves the house late at night. And one woman's words chill me to the bone: be careful of your neighbors. I thought I'd left my darkest secrets behind. But could this quiet street be the most dangerous place of all?"--Back cover.
650 #7 - SUBJECT ADDED ENTRY--TOPICAL TERM
Topical term or geographic name as entry element Family secrets
Form subdivision Fiction.
Source of heading or term BUEsh
650 #7 - SUBJECT ADDED ENTRY--TOPICAL TERM
Topical term or geographic name as entry element Household employees
Form subdivision Fiction.
Source of heading or term BUEsh
650 #7 - SUBJECT ADDED ENTRY--TOPICAL TERM
Topical term or geographic name as entry element Spouses
Form subdivision Fiction.
Source of heading or term BUEsh
650 #7 - SUBJECT ADDED ENTRY--TOPICAL TERM
Topical term or geographic name as entry element Neighbors
Form subdivision Fiction.
Source of heading or term BUEsh
653 ## - INDEX TERM--UNCONTROLLED
Arrived date list February2026
Resource For college Humanities: English
655 ## - INDEX TERM--GENRE/FORM
Form subdivision Reading book
942 ## - ADDED ENTRY ELEMENTS (KOHA)
Source of classification or shelving scheme Dewey Decimal Classification
Koha item type Book - Borrowing
Holdings
Withdrawn status Lost status Source of classification or shelving scheme Damaged status Not for loan Collection code Home library Current library Shelving location Date acquired Source of acquisition Cost, normal purchase price Total Checkouts Full call number Barcode Date last seen Date checked out Cost, replacement price Price effective from Koha item type
    Dewey Decimal Classification     Diwan Central Library Central Library Second Floor 11/02/2026 Purchase 588.00 1 813.6 MCF 000057520 10/05/2026 06/05/2026 735.00 11/02/2026 Book - Borrowing